| 000 | 01164nam a2200265 i 4500 | ||
|---|---|---|---|
| 001 | 43463 | ||
| 003 | ES-MaACL | ||
| 005 | 20250728142750.0 | ||
| 007 | t| | ||
| 008 | 030317s1898 sp ||||1| spa d | ||
| 080 | _a930.25 Alba, Casa de (083.83) | ||
| 100 | 1 |
_aFalcó y Osorio, Rosario, _cDuquesa de Berwick y de Alba, _d1854-1904 _9160713 |
|
| 245 | 1 | 0 |
_aCatálogo de las colecciones expuestas en las vitrinas del Palacio de Liria / _cle publica la Duquesa de Berwick y de Alba, Condesa de Siruela ; [redacción de los asientos bibliográficos, Ángel Barcia]. |
| 260 |
_aMadrid : _b[s.n.], _c1898 ( _fEst. Tip. "Sucesores de Rivadeneyra") |
||
| 300 |
_a259 p., [24] h. de lám. ; _c30 cm. |
||
| 504 | _aBibliografía: p. 249-250. | ||
| 530 | _aDisponible en formato digital. | ||
| 650 | 4 |
_aManuscritos- _zPalacio de Liria (Madrid)- _vCatálogos. _9172609 |
|
| 700 | 1 |
_aBarcia y Pavón, Ángel María. _9148714 |
|
| 710 | 2 |
_aHauser y Menet (Madrid) _94558 |
|
| 852 |
_aES-MaACL _jZ-76 _dOlim: C-2324 |
||
| 856 |
_uhttp://bdh-rd.bne.es/viewer.vm?id=0000143431&page=1 _zBiblioteca Digital Hispánica |
||
| 942 | _2udc | ||
| 999 |
_c43463 _d43463 |
||